Multiplatformová aplikácia pre získavanie dát o lokalitách s bezbariérovým prístupom

Saved in:
Bibliographic Details
Main Author: Štěpánek, Martin (Author)
Other Authors: Kučera, Erik (Thesis advisor)
Format: Manuscript Book
Language:Slovak
Published: 2018
Subjects:
Online Access:http://is.stuba.sk/zp/portal_zp.pl?podrobnosti=136640
Tags: Add Tag
No Tags, Be the first to tag this record!

MARC

LEADER 00000ntm a22000003a 4500
001 stuzp66330
003 SK-STU
005 20181210132646.2
007 ta
008 150427s2015----xo-----f-mn---000-0-slo-d
040 |a STU  |b slo 
041 0 |a slo 
044 |a xo 
100 1 |a Štěpánek, Martin  |u 035000  |4 aut  |U FEI Fakulta elektrotechniky a informatiky  |T FEI Ústav informatiky a matematiky  |X 72936  |U E050  |Y 816  |7 72936 
242 0 1 |a Multiplatform application for data acquisition about sites with barrier-free access  |y eng 
245 1 0 |a Multiplatformová aplikácia pre získavanie dát o lokalitách s bezbariérovým prístupom 
260 |c 2018 
300 |a 42 s., príl., DVD 
650 4 |a barrier-free access  |2 eng 
650 4 |a data retrieval  |2 eng 
650 4 |a localization  |2 eng 
650 4 |a multiplatform application  |2 eng 
650 4 |a bezbariérový prístup  |2 slo 
650 4 |a získavanie dát  |2 slo 
650 4 |a lokalizácia  |2 slo 
650 4 |a multiplatformová aplikácia  |2 slo 
700 1 |a Kučera, Erik  |u 030400  |k Z2  |4 ths  |U FEI Fakulta elektrotechniky a informatiky  |T FEI Ústav automobilovej mechatroniky  |X 55901  |U E400  |Y 642  |7 A000055901 
856 4 |u http://is.stuba.sk/zp/portal_zp.pl?podrobnosti=136640 
996 |b 284EP12069  |c E*DIPL- 12069  |l EE35  |s P  |a 0  |w stuzp66330_0001